| 000 | 00390 a2200157 4500 | ||
|---|---|---|---|
| 999 |
_c417604 _d417604 |
||
| 003 | NUST | ||
| 005 | 20191202164221.0 | ||
| 008 | 191202b ||||| |||| 00| 0 eng d | ||
| 038 | _aMSOHAIL | ||
| 082 | _a0 | ||
| 100 |
_aM.H.Rashid _926342 |
||
| 245 | _aElectronics Circuits and Applications | ||
| 260 |
_aNew Delhi _bCengage Learning _cc2014 |
||
| 300 | _ap;546 | ||
| 942 |
_aNUST-CAE _2ddc |
||